Civilisation espagnole : (Record no. 111901)

MARC details
000 -LEADER
campo de control de longitud fija 01330cam a2200349Mi 4500
001 - NÚMERO DE CONTROL
campo de control 93263
005 - FECHA Y HORA DE LA ÚLTIMA TRANSACCIÓN
campo de control 20230411090051.0
008 - DATOS DE LONGITUD FIJA--INFORMACIÓN GENERAL
campo de control de longitud fija 071205s2007 fr f 000 0 fre d
035 ## - NÚMERO DE CONTROL DEL SISTEMA
Número de control de sistema (OCoLC)ocn300164752
040 ## - FUENTE DE CATALOGACIÓN
Centro catalogador/agencia de origen RUQBL
Centro/agencia transcriptor RUQBL
020 ## - NÚMERO INTERNACIONAL ESTÁNDAR DEL LIBRO
Número Internacional Estándar del Libro 9782266180573
020 ## - NÚMERO INTERNACIONAL ESTÁNDAR DEL LIBRO
Número Internacional Estándar del Libro 2266180576
035 ## - NÚMERO DE CONTROL DEL SISTEMA
Número de control de sistema (OCoLC)300164752
044 ## - CÓDIGO DEL PAÍS DE LA ENTIDAD EDITORA/PRODUCTORA
Código ISO del país FR
084 ## - OTRO NÚMERO DE CLASIFICACIÓN
Número de clasificación 378
Fuente del número electre
049 ## - FONDOS LOCALES (OCLC)
Biblioteca depositaria GRAL
100 1# - ENTRADA PRINCIPAL--NOMBRE DE PERSONA
Nombre de persona Marron, José-Maria.
Relación aut
245 03 - MENCIÓN DEL TÍTULO
Título Civilisation espagnole :
Resto del título culture et civilisation.
250 ## - MENCION DE EDICION
Mención de edición 2e et nouv. éd.
260 ## - PUBLICACIÓN, DISTRIBUCIÓN, ETC.
Lugar de publicación, distribución, etc. Paris :
Nombre del editor, distribuidor, etc. Langues pour tous,
Fecha de publicación, distribución, etc. 2007.
263 ## - FECHA PROYECTADA DE PUBLICACIÓN
Fecha proyectada de publicación 200711
300 ## - DESCRIPCIÓN FÍSICA
Extensión 511 p. ;
Dimensiones 18 x 11 cm.
440 #0 - MENCIÓN DE SERIE/PUNTO DE ACCESO ADICIONAL--TÍTULO
Título Méthodes
504 ## - NOTA DE BIBLIOGRAFÍA, ETC.
Nota de bibliografía, etc. Index. Lexique.
520 ## - RESUMEN, ETC.
Sumario, etc. Parcourt d'abord les grandes étapes de l'histoire (monarchie, Inquisition, découverte de l'Amérique, guerre civile...) jusqu'à la démocratie actuelle. Puis sont abordées différentes thématiques qui constituent la civilisation espagnole : les institutions, l'économie, la démographie, l'éducation, les médias, ainsi que les phénomènes de la société contemporaine.
651 #4 - PUNTO DE ACCESO ADICIONAL DE MATERIA--NOMBRE GEOGRÁFICO
Nombre geográfico Espagne
Subdivisión general civilisation.
653 ## - TÉRMINO DE INDIZACIÓN--NO CONTROLADO
Término no controlado histoire
-- civilisation
-- économie
-- institution politique
-- société
-- Espagne
700 1# - ENTRADA AGREGADA--NOMBRE PERSONAL
Nombre de persona Regnier, Christian.
Relación aut
942 ## - ELEMENTOS DE ENTRADA SECUNDARIOS (KOHA)
Fuente del sistema de clasificación o colocación Clasificación de Library of Congress
Tipo de ítem Koha
994 ## -
-- C0
-- DRFGD
946 ## - PROCESAMIENTO DE INFORMACIÓN LOCAL (OCLC)
a YM
Holdings
Estatus retirado Estado de pérdida Fuente del sistema de clasificación o colocación Estado de daño No para préstamo Colección Biblioteca de origen Biblioteca actual Ubicación en estantería Fecha de adquisición Código de barras Visto por última vez Copia número Tipo de ítem Koha
    Clasificación de Library of Congress     Automatización y Procesos Técnicos Biblioteca Juan Bosch Biblioteca Juan Bosch Automatización y Procesos Técnicos (1er. Piso) 11/04/2023 00000086254 17/02/2019 1